Construcción y decoración de tiendas (Record no. 60672)

MARC details
000 -LEADER
fixed length control field 00711nam a22002057a 4500
005 - DATE AND TIME OF LATEST TRANSACTION
control field 20230328113905.0
008 - FIXED-LENGTH DATA ELEMENTS--GENERAL INFORMATION
fixed length control field 230328b sp ||||| |||| 00| 0 spa d
050 04 - LIBRARY OF CONGRESS CALL NUMBER
Classification number NA2620
Item number G88 1967
100 1# - MAIN ENTRY--PERSONAL NAME
Personal name Gutmann, Robert
240 10 - UNIFORM TITLE
Uniform title Ladengestaltung
Language of a work español.
245 1# - TITLE STATEMENT
Title Construcción y decoración de tiendas
Statement of responsibility, etc / Robert Gutmann, Alexander Koch autores ; traducido por A. Rodríguez Arias
250 ## - EDITION STATEMENT
Edition statement 1a ed.
260 ## - PUBLICATION, DISTRIBUTION, ETC. (IMPRINT)
Place of publication, distribution, etc Barcelona, España :
Name of publisher, distributor, etc Blume,
Date of publication, distribution, etc 1967.
300 ## - PHYSICAL DESCRIPTION
Extent 240 p. :
Other physical details il. ;
Dimensions 30 cm.
650 #7 - SUBJECT ADDED ENTRY--TOPICAL TERM
Source of heading or term lemb
Topical term or geographic name as entry element Edificios comerciales
General subdivision Construcción
650 #7 - SUBJECT ADDED ENTRY--TOPICAL TERM
Source of heading or term lemb
Topical term or geographic name as entry element Comercios
General subdivision Decoración
700 1# - ADDED ENTRY--PERSONAL NAME
Personal name Koch, Alexander
Relator term autor
700 1# - ADDED ENTRY--PERSONAL NAME
Personal name Rodríguez Arias, A.,
Relator term traductor
942 ## - ADDED ENTRY ELEMENTS (KOHA)
Source of classification or shelving scheme Biblioteca del Cogreso de los Estados Unidos
Koha item type Libro
Holdings
Estado de pérdida Fuente de clasificación Estado del daño No para préstamo Ubicación permanente Ubicación actual Apartado o colección Fecha de adquisición Edición Área del conocimiento Total Checkouts Clasificación Código de Barras Date last seen Número de copia Costo por reposición Tipo de recurso
  Biblioteca del Cogreso de los Estados Unidos     Biblioteca de la Facultad de Arquitectura Biblioteca de la Facultad de Arquitectura General 28/03/2023 1a ed. Educación y Humanidades   NA2620 G88 r1969 BFA000005884 28/03/2023 1 1.00 Libro